000 00295nam a22001337a 4500
008 210507b ||||| |||| 00| 0 eng d
041 _aeng
080 _a94
082 _a94
100 _a16
101 _aSHH
245 _aThe Borzoi History of England
_cJoel T. Rosenthal
942 _2udc
_cBK
999 _c57094
_d57094